Filosofía del arte
Uloženo v:
| Hlavní autor: | |
|---|---|
| Médium: | Kniha |
| Jazyk: | španělština |
| Vydáno: |
Barcelona
Iberia
1960
|
| Edice: | Obras Maestras
|
| Témata: | |
| Tagy: |
Přidat tag
Žádné tagy, Buďte první, kdo vytvoří štítek k tomuto záznamu!
|
MARC
| LEADER | 00000nam a2200000 a 4500 | ||
|---|---|---|---|
| 001 | UCO4517 | ||
| 003 | CL-VaPUC | ||
| 008 | 000804e19600000SP |||||||||||||||||spa|d | ||
| 082 | 0 | 4 | |a 701 |b TAI |2 21 |
| 100 | 0 | |a Taine, Hipólito Adolfo |e author |9 449067 | |
| 245 | 1 | 0 | |a Filosofía del arte |
| 300 | |a 396 p | ||
| 942 | |c BK | ||
| 945 | |d 20000804 00:00:00 |a crobeson | ||
| 260 | |a Barcelona |b Iberia |c 1960 | ||
| 650 | 0 | |a Arte |9 265238 | |
| 650 | 0 | |a Estética |9 264950 | |
| 650 | 0 | |a Filosofía |9 223554 | |
| 650 | 0 | |a Crítica de arte |9 334590 | |
| 650 | 0 | |a Bellas artes |9 334299 | |
| 583 | |a last modification |c 20000804 00:00:00 |k Rodrigo Vera | ||
| 490 | 0 | |a Obras Maestras | |
| 999 | |c 290550 |d 290548 | ||
| 952 | |0 0 |1 0 |4 0 |6 701_000000000000000_TAI_1960 |7 0 |8 A |9 340057 |a BIBART |b BIBART |d 2019-11-20 |i 1213725 |o 701 TAI 1960 |p 1213725 |r 2025-03-13 |w 2019-11-20 |y BK |k ART | ||